000 01242nam a22001817a 4500
003 IT-RoPau
005 20220918175938.0
008 130121b xxu||||| |||| 00| 0 eng d
040 _cIT-RoPau
100 _aGandolfo, Guido
_cssp
_9189
245 _aIntroduzione alla lettura di "Donec formetur Christus in vobis" di Don Giacomo Alberione
250 _a1° ed.
260 _aRoma
_bSocietà San Paolo
_c1999
300 _a103 p.
_c21 cm
500 _aUso manoscritto.
520 _aINDICE 1. Uso fondamentale punto di riferimento per ogni Paolino; 2. Preambolo "... per riordinare la vita in linea coll'eternità"; 3. L'obiettivo: La piena conformazione al Maestro Divino; 4. Un orientamento "d'obbligo" per ogni Paolino; 5. I Tappa. L'azione ricreatrice di Dio. Teologia del Padre ("via purgativa"); 6. II Tappa. La "incarnazione" del Maestro in noi. Teologia del Figlio ("via illuminativa"); 7. A) "Gesù Cristo è VERITA': per l'intelligenza"; 8. B) "Gesù Cristo è VIA: per la volontà"; 9. C) "Gesù Cristo è VITA: per il cuore"; 10. III Tappa. "Tutto si compie nello Spirito Santo". Teologia dello Spirito Santo ("via unitiva"), 11. Il Paolino e il suo Maestro-Signore: tutto "in ipso et cum ipso et per ipsum".
942 _2ddc
_cBK
999 _c37812
_d37812